| 000 | 01160nam a22003617a 4500 | ||
|---|---|---|---|
| 001 | 52547690 | ||
| 003 | OCoLC | ||
| 005 | 20210419122120.0 | ||
| 008 | 030623s2004 paua b 001 0 eng | ||
| 010 | _a 2003-56497 | ||
| 016 | 7 |
_a101183067 _2DNLM |
|
| 020 | _a0781747074 | ||
| 040 |
_aDNLM/DLC _cDLC _dYDX _dNLM |
||
| 041 | _aeng | ||
| 042 | _apcc | ||
| 049 | _aYYEA | ||
| 080 |
_a616.21 _bL-96 |
||
| 096 | _aWV 100 E78 2004 | ||
| 100 |
_9294 _aLucente, E. Frank |
||
| 245 | 0 | 0 |
_aEssentials of otolaryngology / _ceditors, Frank E. Lucente, Gady Har-El ; associate editors, Ari J. Goldsmith, Neil M. Sperling, and Jon B. Turk. |
| 250 | _a5th ed. | ||
| 260 |
_aPhiladelphia : _bLippincott Williams & Wilkins, _cc2004. |
||
| 300 |
_axix, 504 p. : _bill. ; _c21 cm. |
||
| 504 | _aIncludes bibliographical references and index. | ||
| 590 | _ac.1 2300000639 Ritt 12/4/03 $50.00. | ||
| 650 | 1 | 2 | _aOtorhinolaryngologic Diseases. |
| 650 | 1 | 0 |
_aMedicine _969 |
| 653 | _aოტორინოლარინგოლოგია | ||
| 653 | _aმედიცინა | ||
| 700 | 1 | _aLucente, Frank E. | |
| 700 | 1 | _aHar-El, Gady. | |
| 942 |
_2udc _cBK _e5 |
||
| 999 |
_c396 _d396 |
||